Регионална библиотека "Любен Каравелов" - Русе

Бели нощи (Запис номер 384810)

MARC детайли
000 -Лидер
Контролно поле с фиксирана дължина nam a22 a 4500
003 - Код на организацията, давaща контролен номер
Контролно поле BLK
005 - Дата и час на последна редакция
Контролно поле 20201007040938.0
008 - Елементи от данни с фиксирана дължина
fixed length control field 200824b bul|||||r ||||||| ||bul||
040 ## - Източник на каталожния запис
Идентификатор на билиотеката - собственик на записа BLK
041 ## - Код за език
Код за езика на текст/звукозапис или на отделно заглавие Български
Код за езика КДБФ Български
080 ## - УДК
Текстов определител УДК Норвежка литература
УДК код - определител по УДК 821.113.5
УДК определител -1
УДК - код + определител 821.113.5-1
100 ## - Редна дума - Автор
Автор Наг, Мартин
Авторска отговорност първи автор
R(LIN) 1299
139 ## - Редно поле
Редна дума Наг, Мартин
245 10 - Сведения за заглавието
Заглавие Бели нощи
Подзаглавни данни [Сб. стихотворения]
Редно поле (дума) Мартин Наг; подбор Вера Ганчева; прев. от норв. Георги Виячев; Прев. от норв. Иван Бориславов.
257 ## - Страна на издаване
Страна на създаване/издаване България
260 ## - Област на издателските данни
Място на издаване, разпространение и проч. София
Име на издателя, разпространителя и проч. Нар. култура
Година на издаване 1980
9 (RLIN) 209547
Издателство - префикс ISBN 954-04-
300 ## - Физическа характеристика
Страници 51 с.
Размери/Мащаб 16,5 см
380 ## - Жанр
Жанр Худож. лит.
490 ## - СЕРИИ (Колекции)
Име на серия Поетичен глобус
9 (RLIN) 205129
500 ## - Общи забележки
Забележка 1 125 тир. 0,42 лв.
700 ## - Други автори (авторска отговорност)
Лично име Ганчева, Вера
Автороска отговорност (Описва отношението между автора и произведението) подб.
9 (RLIN) 878
700 ## - Други автори (авторска отговорност)
Лично име Виячев, Георги
Автороска отговорност (Описва отношението между автора и произведението) прев. от норв.
9 (RLIN) 348560
700 ## - Други автори (авторска отговорност)
Лично име Бориславов, Иван
Автороска отговорност (Описва отношението между автора и произведението) прев. от норв.
9 (RLIN) 1105
852 ## - Местоположение
Форматна сигнатура Цб І 18376
856 4# - Електронен адрес и достъп
Електронен формат pdf - файл
Път до файла /url/
856 4# - Електронен адрес и достъп
Електронен формат pdf - файл
Път до файла /url/
999 ## - СИСТЕМНИ КОНТРОЛНИ НОМЕРА
Koha biblionumber 384810
Koha biblioitemnumber 384810
942 ## - АРТИКУЛИ
Вид на библиотечния материал Книги
Скрит в OPAC Не
Периодичен библиозапис Да
944 ## - СЪЗДАВАНЕ И РЕДАКЦИЯ на ЗАПИСА
Създаване/Редакция Създаване
Дата на регистрацията/редакция 2020-08-24
Служител, извършил регистрацията/редакцията ВК
Наличности
Код за отписване Код за изгубен артикул Източник на класификационната схема Код за повреда Коз за рестрикции Код за отдаване Артикулен № Име на библиотеката - собственик Име на библиотеката, в която се намира в момента Статус (Текущо местоположение) Дата на вписване в системата Местоположение - отдел Цена в лева Инвентарен номер Систематично азбучна сигнатура Баркод Цена в евро Служебен тип на артикула
  Не е изгубен Universal Decimal Classification Не е повреден само за читалня ползва се в читалня 794200 Регионална библиотека "Любен Каравелов" Русе Регионална библиотека "Любен Каравелов" Русе Хранилище 2020-08-26 Хранилище 0.42 312640 Цб І 18376 120000312640 0.21 Книги
Vip Innovations Ltd, Rousse, Bulgaria 2025